000 00666nam a2200229 a 4500
999 _c7780
_d7780
001 7780
003 BD-JhCC
005 20180214085256.0
008 180214s2005 bg |||| || | 000 0 ben d
035 _a(BD-JhCC)7780
040 _aBD-JhCC
_dBD-JhCC
041 _aben
082 _a954.92
_bGUP 2005
100 _aগুপ্ত, সন্তোষ
245 _aইতিহাসের ঝর্ণাধ্বনি /
_cসন্তোষ গুপ্ত,
260 _aঢাকা :
_bমাওলা ব্রাদার্স,
_c2005
300 _a103 p. :
_c24 cm.
650 _aHistory
651 _zBangladesh
942 _2ddc
_cBK